000 00276nam a2200097Ia 4500
001 706765
005 20250826162455.0
008 250824s9999 xx 000 0 und d
245 0 _aKURANI KERİM TÜRKÇE MEALİ VE TEFSİRİ V
_cÖMER NASUHİ BİLMEN
260 _bAKÇAĞ YAYINLARI
999 _c706765
_d706765